| 000 -LEADER |
| fixed length control field |
01449 a2200277 4500 |
| 003 - CONTROL NUMBER IDENTIFIER |
| control field |
Nust |
| 005 - DATE AND TIME OF LATEST TRANSACTION |
| control field |
20221021102302.0 |
| 010 ## - LIBRARY OF CONGRESS CONTROL NUMBER |
| LC control number |
96006023 |
| 020 ## - INTERNATIONAL STANDARD BOOK NUMBER |
| International Standard Book Number |
0841233926 |
| 040 ## - CATALOGING SOURCE |
| Transcribing agency |
Nust |
| 082 00 - DEWEY DECIMAL CLASSIFICATION NUMBER |
| Classification number |
620.5,RAT |
| 100 ## - MAIN ENTRY--PERSONAL NAME |
| Personal name |
Ratner,Mark |
| 9 (RLIN) |
101072 |
| 245 00 - TITLE STATEMENT |
| Title |
Nanotechnology : |
| Remainder of title |
A gentle Introduction to the Next Big Idea / |
| Statement of responsibility, etc. |
Mark ratner and Daniel Ratner |
| 260 ## - PUBLICATION, DISTRIBUTION, ETC. |
| Place of publication, distribution, etc. |
India |
| Name of publisher, distributor, etc. |
Pearson Education |
| Date of publication, distribution, etc. |
2003. |
| 300 ## - PHYSICAL DESCRIPTION |
| Extent |
ix, 188p. : |
| Other physical details |
ill. ; |
| Dimensions |
23 cm. |
| 440 #0 - SERIES STATEMENT/ADDED ENTRY--TITLE |
| Title |
ACS symposium series, |
| Volume/sequential designation |
622 |
| 9 (RLIN) |
101073 |
| 505 ## - FORMATTED CONTENTS NOTE |
| Formatted contents note |
Introducing Nano (Page-1), Size Matters (Page-11), Interlude One The Fundamental Science Behind Nanotechnology (Page-19), Interlude Tow Tools of the Nanoscience (Page-37), Points and Places of Interest The Grand Four (Page-63), Smart Materials (Page-83), Sensors (Page-97), Biomedical Applications (Page-107), Optics and Electronics (Page-1231), Nonobusiness (Page-141), Nanotechnology and you (Page-153). |
| 650 #0 - SUBJECT ADDED ENTRY--TOPICAL TERM |
| Topical term or geographic name entry element |
Nanostructured materials. |
| 700 1# - ADDED ENTRY--PERSONAL NAME |
| Personal name |
Chow, Gan-Moog, |
| Dates associated with a name |
1957- |
| 9 (RLIN) |
101074 |
| 700 1# - ADDED ENTRY--PERSONAL NAME |
| Personal name |
Gonsalves, Kenneth E. |
| 9 (RLIN) |
101075 |
| 710 2# - ADDED ENTRY--CORPORATE NAME |
| Corporate name or jurisdiction name as entry element |
American Chemical Society. |
| Subordinate unit |
Division of Polymeric Materials: Science and Engineering. |
| 9 (RLIN) |
101076 |
| 710 2# - ADDED ENTRY--CORPORATE NAME |
| Corporate name or jurisdiction name as entry element |
American Chemical Society. |
| Subordinate unit |
Meeting |
| 9 (RLIN) |
101077 |
| 856 42 - ELECTRONIC LOCATION AND ACCESS |
| Materials specified |
Publisher description |
| Uniform Resource Identifier |
<a href="http://www.loc.gov/catdir/enhancements/fy0605/96006023-d.html">http://www.loc.gov/catdir/enhancements/fy0605/96006023-d.html</a> |
| 856 42 - ELECTRONIC LOCATION AND ACCESS |
| Materials specified |
Table of contents only |
| Uniform Resource Identifier |
<a href="http://www.loc.gov/catdir/enhancements/fy0605/96006023-t.html">http://www.loc.gov/catdir/enhancements/fy0605/96006023-t.html</a> |
| 942 ## - ADDED ENTRY ELEMENTS (KOHA) |
| Source of classification or shelving scheme |
|
| Koha item type |
Book |